00449 a2200157 4500010001400000020002300014035001300037037001500050082001500065100001600080245006200096260004000158270004600198300002800244500001900272 aENG-88449 a8189915207c900.00 aEN-71982 bDBAD / PUB14a332.120681 aJain, Vibha1 aNon-performing assets in commercial banks/cby Vibha Jain aNew DelhibRegal Publicationsc2007 aF-159, Rajouri GardencNew Delhie110 027 axvii, 336p.c22cm (Hb) aIncludes index